| 000 | 00594nam a2200181 a 4500 | ||
|---|---|---|---|
| 001 | 5766 | ||
| 003 | CDMR | ||
| 005 | 20131025111549.0 | ||
| 008 | 130130s ||||||||||||||||||||||||||||d | ||
| 040 |
_aCDMR _bcat _cCDMR |
||
| 245 | 0 | 0 |
_aMedio siglo en la colección de ABC _b: florilegio de grandes episodios y pequeñas anécdotas 1905-1955 _cprólogo de Torcuato Luca de Tena |
| 260 |
_aMadrid _bPrensa Española _c1955 |
||
| 300 |
_a414 p. _bil. b/n _c32 cm |
||
| 610 | 0 | 4 |
_990 _aABC (Diari) |
| 650 | 0 | 4 |
_94187 _aPeriodisme _xAnècdotes |
| 700 | 1 |
_91645 _aLuca De Tena, Torcuato _epr. |
|
| 942 |
_cMON _2udc |
||
| 999 |
_c5766 _d5766 |
||